| 000 | 01126nam a2200217Ia 4500 | ||
|---|---|---|---|
| 999 |
_c40695 _d40695 |
||
| 001 | 7330 | ||
| 003 | GE_BSU | ||
| 005 | 20250131113215.0 | ||
| 008 | 181216s2012||||ge |||||||||||||| ||geo|| | ||
| 040 | _cGE_BSU | ||
| 041 | _ageo | ||
| 080 | _a725.182(479.223) უ-71 | ||
| 100 |
_aუსპენსკი, ფ. ი. _924205 |
||
| 245 |
_aძველი ციხე ჭოროხის შესართავთან / _cფ.ი. უსპენსკი,თარგმ. გამოსაც. მოამზადა, ავტორის ბიოგრაფია და საძიებელი დაურთო რამაზ სურმანიძემ, რედ. შოთა მამულაძე. |
||
| 264 |
_aბათუმი, _c2012. |
||
| 300 |
_a30 გვ.; _b18 სმ. |
||
| 440 |
_aსერია: "აჭარა უცხოელთა თვალით". _91698 |
||
| 653 | _aძველი ციხე ჭოროხის შესართავთან. | ||
| 700 |
_aმამულაძე, შოთა _eრედაქტორი _91483 |
||
| 942 |
_cBK _2udc |
||